| 000 | 00959cab a2200277 4500 | ||
|---|---|---|---|
| 001 | ABS52503 | ||
| 008 | 090401t1994 xxu||||| |||| 00| 0 eng d | ||
| 035 | _a(Sirsi) u82271 | ||
| 041 | _aeng | ||
| 100 | _aDawson, A.J.D. | ||
| 245 | 4 | _aThe use of exchange-rate hedging techniques by UK property companies | |
| 260 | _c1994 | ||
| 350 | _a0 | ||
| 490 |
_aJournal of Property Finance _v5(4) 1994, 56-67(6) |
||
| 520 | _aDescribes the employment of exchange-rate hedging by top British investment funds over the past 30 or so years and explains use of the technique. | ||
| 650 | _aCURRENCY FLUCTUATIONS | ||
| 650 | _aEXCHANGE RATES | ||
| 650 | _aHEDGING METHODS | ||
| 650 | _aINTERNATIONAL PROPERTY PORTFOLIOS | ||
| 650 | _aOVERSEAS PROPERTY INVESTMENT | ||
| 690 | _aPROPERTY-COMMERCIAL PROPERTY-COMMERCIAL PROPERTY FINANCE AND INVESTMENT | ||
| 690 | _aFINANCE AND INVESTMENT | ||
| 700 | _aRodney, W.H. | ||
| 942 | _n0 | ||
| 948 | _c04/03/1997 | ||
| 999 |
_c51912 _d51912 |
||